Návrh zariadenia na varenie piva

Na minha lista:
Detalhes bibliográficos
Autor principal: Štofan, Jaroslav (Author)
Outros Autores: Peciar, Peter (Thesis advisor)
Formato: Manuscrito Livro
Idioma:eslovaco
Publicado em: 2020
Assuntos:
Acesso em linha:http://is.stuba.sk/zp/portal_zp.pl?podrobnosti=152745
Tags: Adicionar Tag
Sem tags, seja o primeiro a adicionar uma tag!

MARC

LEADER 00000ntm a22000003a 4500
001 stuzp76658
003 SK-STU
005 20200711210320.1
007 ta
008 150427s2015----xo-----f-mn---000-0-slo-d
040 |a STU  |b slo 
041 0 |a slo 
100 1 |a Štofan, Jaroslav  |u 020040  |k Z4  |4 aut  |U SjF Strojnícka fakulta  |T SjF Ústav procesného inžinierstva  |X 76889  |U J0040  |Y 807  |7 76889 
242 0 1 |a Design of beer brewing equipment  |y eng 
245 1 0 |a Návrh zariadenia na varenie piva 
260 |c 2020 
650 4 |a brewery  |2 eng 
650 4 |a beer  |2 eng 
650 4 |a beer brewing  |2 eng 
650 4 |a varenie piva  |2 slo 
650 4 |a pivovar  |2 slo 
650 4 |a pivo  |2 slo 
700 1 |a Peciar, Peter  |u 020040  |k Z1  |4 ths  |U SjF Strojnícka fakulta  |T SjF Ústav procesného inžinierstva  |X 41013  |U J0040  |Y 807  |7 A000041013 
856 4 |u http://is.stuba.sk/zp/portal_zp.pl?podrobnosti=152745 
996 |b 284J046429  |c J* 3219/DDP  |l JJSK  |s A  |a 24  |w stuzp76658_0001